| 000 | 00906cam a2200229 4500 | ||
|---|---|---|---|
| 001 | J63620 | ||
| 008 | 000000n2001 000 0 eng u | ||
| 035 | _a(Sirsi) u111041 | ||
| 041 | _aeng | ||
| 050 | _a692.8 | ||
| 110 |
_aJoint Contracts Tribunal _93664 |
||
| 245 | _aAgreement for Minor building works 1998 edition - amendment and guidance note - issued January 2001 | ||
| 260 |
_aLondon _bRIBA Publications _c2001 |
||
| 300 | _a1 sheet. ; 30cm. | ||
| 490 |
_aJCT Agreement for Minor Building Works 1998 Edition _vAmendment 3 |
||
| 520 | _aConstruction Industry Scheme | ||
| 650 | _aBUILT ENVIRONMENT-BUILDING CONTRACT FORMS | ||
| 650 | _aJCT STANDARD FORM OF BUILDING CONTRACT (1998 EDITION) | ||
| 650 | _aBUILT ENVIRONMENT-BUILDING CONTRACT FORMS-STANDARD FORMS OF BUILDING CONTRACT-JOINT CONTRACTS TRIBNUAL CONTRACTS | ||
| 690 | _aBUILT ENVIRONMENT-BUILDING CONTRACT FORMS | ||
| 942 | _n0 | ||
| 999 |
_c101178 _d101178 |
||